000 00481nam a2200145 a 4500
008 120416s0000 ||||||||||||||||| || u
020 _a0006231373
050 _aBT 202 Dod
100 _aDodd, Charles Harold
245 1 4 _aThe founder of Christianity
260 _aLondon
_bCollins/Fontana
_c1970
300 _a188p.
350 _a0.00
995 _D0.00
_FCBU-MAIN LIBRARY (Kitwe)
_H1
_I1.75
_UDAMAGED
_ZMain Library Open Access Collection
999 _c43918
_d43918